Statistics for Countries Where Basketball is the Most Popular Sport

Click here to take the quiz!

General Stats

  • This quiz has been taken 33 times
  • The average score is 3 of 6

Answer Stats

Continent Country % Correct
AsiaChina
87%
EuropeLithuania
81%
AsiaPhilippines
48%
AfricaAngola
45%
AfricaCentral African Republic
16%
AfricaSeychelles
13%

Score Distribution

Percentile by Number Answered

Percent of People with Each Score

Your Score History

You have not taken this quiz